[Event "Moscow Open A 2016"]
[Site "Moscow RUS"]
[Date "2016.01.30"]
[Round "1.62"]
[White "Zhileykin, Andrey"]
[Black "Shtembuliak, Evgeny"]
[Result "0-1"]
[BlackTitle "FM"]
[WhiteElo "2210"]
[BlackElo "2420"]
[WhiteFideId "24157503"]
[BlackFideId "14113325"]
[EventDate "2016.01.30"]

1. d4 Nf6 2. Nf3 d6 3. Bf4 g6 4. h3 Bg7 5. e3 O-O 6. Be2 Nbd7 7. O-O b6 8. a4 a6
9. a5 b5 10. Nbd2 Bb7 11. Bh2 c5 12. c3 Re8 13. b4 c4 14. Ne1 e5 15. Nc2 Qe7 16.
Re1 Rad8 17. Bf1 Nd5 18. Ra3 e4 19. Qb1 f5 20. Nxc4 bxc4 21. Bxc4 Kh8 22. Qa2
Nc7 23. Rb3 Nb5 24. Na3 Bc6 25. Bf1 d5 26. c4 dxc4 27. Bxc4 Nf6 28. Qb2 Qb7 29.
Rb1 Nd5 30. Bf1 Nxa3 31. Qxa3 Bb5 32. Bxb5 Qxb5 33. Rc1 Qe2 34. Rc5 Qe1# 0-1

[Event "Moscow Open A 2016"]
[Site "Moscow RUS"]
[Date "2016.01.30"]
[Round "1.63"]
[White "Tsydypov, Zhamsaran"]
[Black "Egorov, Pavel"]
[Result "1/2-1/2"]
[WhiteTitle "FM"]
[WhiteElo "2420"]
[BlackElo "2207"]
[WhiteFideId "4108566"]
[BlackFideId "24122637"]
[EventDate "2016.01.30"]

1. e4 c5 2. Nf3 Nf6 3. e5 Nd5 4. Nc3 e6 5. Bc4 Nb6 6. Bd3 d5 7. exd6 Bxd6 8. O-O
O-O 9. b3 Nc6 10. Bb2 e5 11. Ne4 f5 12. Nxd6 Qxd6 13. Bb5 e4 14. Bxc6 Qxc6 15.
Ne5 Qe6 16. d3 Rd8 17. Qc1 Nd7 18. Qg5 Qf6 19. Qf4 Nxe5 20. Bxe5 Qg6 21. Rae1
exd3 22. cxd3 b6 23. Re3 Qg4 24. Qxg4 fxg4 25. Ba1 Bf5 26. Re7 Rd7 27. Rfe1 Rad8
28. Bxg7 Rxe7 29. Rxe7 Rxd3 30. Kf1 Rd7 31. Rxd7 Bxd7 32. Be5 b5 33. Ke2 Bc6 34.
g3 Kf7 35. Bd6 c4 36. bxc4 bxc4 37. Ke3 Ke6 38. Bc5 a5 39. Kd4 a4 40. a3 Kf5 41.
Bb4 Bd7 42. Bd2 Bc6 1/2-1/2

[Event "Moscow Open A 2016"]
[Site "Moscow RUS"]
[Date "2016.01.30"]
[Round "1.64"]
[White "Muradli, Mahammad"]
[Black "Kozionov, Kirill"]
[Result "1/2-1/2"]
[WhiteTitle "FM"]
[BlackTitle "IM"]
[WhiteElo "2204"]
[BlackElo "2416"]
[WhiteFideId "13409301"]
[BlackFideId "24101729"]
[EventDate "2016.01.30"]

1. d4 d5 2. Nf3 e6 3. c4 a6 4. cxd5 exd5 5. Nc3 c6 6. Qc2 Bd6 7. Bg5 Ne7 8. e3
f6 9. Bh4 Bf5 10. Bd3 Bxd3 11. Qxd3 O-O 12. Bg3 f5 13. Rc1 Ng6 14. Bxd6 Qxd6 15.
O-O Nd7 16. Nd2 Ne7 17. Na4 Nc8 18. Qb3 Rb8 19. f4 Qe7 20. Nf3 Nd6 21. Ne5 Ne4
22. Rc2 Qe6 23. Nc3 Nd6 24. Ne2 Nf6 25. Qd3 Nfe4 26. Nc3 Kh8 27. Nxe4 Nxe4 28.
h3 Rg8 29. g4 g5 30. fxg5 Rxg5 31. Rg2 Rbg8 32. h4 Rxg4 33. Nxg4 fxg4 34. Qe2 h5
35. Rf4 Rg6 36. Qf1 Kg7 37. Rf5 Rf6 38. Rf4 Nd6 39. Qf2 Nc4 40. Rxf6 Qxf6 41.
Qg3 Qd6 42. Qxd6 Nxd6 43. Rf2 a5 44. b3 Kg6 45. Rf8 Nf5 46. Rb8 Nxh4 47. Rxb7
Kf5 48. Kf2 Ke4 49. Re7+ Kd3 50. Re5 Nf3 51. Rxh5 Nd2 52. Rh6 Ne4+ 53. Kg2 Kxe3
54. Rxc6 Kxd4 55. Ra6 Ke3 56. Rxa5 d4 57. a4 d3 58. Rd5 d2 59. a5 Nc3 60. Rd7
Nb5 61. Rxd2 Kxd2 62. Kg3 Kc3 63. Kxg4 1/2-1/2

[Event "Moscow Open A 2016"]
[Site "Moscow RUS"]
[Date "2016.01.30"]
[Round "1.65"]
[White "Khegay, Dmitriy"]
[Black "Ahmadzada, Ahmad"]
[Result "1/2-1/2"]
[WhiteTitle "FM"]
[BlackTitle "CM"]
[WhiteElo "2416"]
[BlackElo "2203"]
[WhiteFideId "24153729"]
[BlackFideId "13413007"]
[EventDate "2016.01.30"]

1. e4 c5 2. Nf3 e6 3. Nc3 Nc6 4. d4 cxd4 5. Nxd4 d6 6. g3 Nf6 7. Bg2 Nxd4 8.
Qxd4 Be7 9. O-O O-O 10. Rd1 e5 11. Qd3 Be6 12. Bg5 Qb6 13. Be3 Qc6 14. h3 Rac8
15. a4 a6 16. a5 Qc4 17. Bg5 Qxd3 18. Rxd3 Rfd8 19. Rad1 Rc6 20. R3d2 h6 21. Be3
Nd7 22. Nd5 Bxd5 23. exd5 Rc4 24. h4 Ra4 25. Bh3 Rxa5 26. c4 Ra4 27. b3 Ra3 28.
b4 Rc3 29. Bf1 b5 30. cxb5 axb5 31. Ra2 Rb3 32. Bd2 Nf6 33. Ra7 Bf8 34. Bxb5 Rb8
35. Bc4 Rb2 36. Be1 g5 37. hxg5 hxg5 38. Ra3 Rc2 39. Bd3 Rc7 40. Bf5 Be7 41. Kg2
Rb5 42. Ra5 Rb8 43. Ra6 Rb5 44. Ra8+ Kg7 45. Ra5 Rb8 46. Bd2 Nd7 47. Rh1 Nb6 48.
Rb5 Rbb7 49. Bd3 Nd7 50. Rxb7 Rxb7 51. Rh5 Nb6 52. Bb5 Rb8 53. Bc6 Nc4 54. Bc3
Bf6 55. b5 Rh8 56. Rxh8 Kxh8 57. Bb4 Be7 58. Kf3 Kg7 59. Ke4 Kg6 60. Be8 Nb6 61.
Bd2 Bd8 62. g4 1/2-1/2

[Event "Moscow Open A 2016"]
[Site "Moscow RUS"]
[Date "2016.01.30"]
[Round "1.66"]
[White "Ioffe, Ilya"]
[Black "Kukhmazov, Arsen"]
[Result "0-1"]
[BlackTitle "IM"]
[WhiteElo "2200"]
[BlackElo "2414"]
[WhiteFideId "34134031"]
[BlackFideId "24108260"]
[EventDate "2016.01.30"]

1. e4 c6 2. d4 d5 3. e5 Bf5 4. Nf3 e6 5. Be2 Nd7 6. O-O h6 7. Nbd2 Ne7 8. Nb3 g5
9. Ne1 Qc7 10. Nd3 Ng6 11. f4 gxf4 12. Nxf4 O-O-O 13. Be3 Be7 14. Bd3 Nh4 15.
Qh5 Rh7 16. Bf2 Bxd3 17. Nxd3 Ng6 18. Be3 Rg8 19. Rf2 c5 20. Nd2 c4 21. Nf4 c3
22. bxc3 Qxc3 23. Re1 Nxf4 24. Bxf4 Qxd4 25. c4 Bc5 26. Be3 Qd3 27. Bxc5 Nxc5
28. cxd5 Qxd5 29. Nf3 Nd3 30. Rc2+ Kb8 31. Rd1 Qe4 32. Rcd2 Qe3+ 33. Kf1 Nf4 34.
Qh4 Nd5 35. Rc1 Rhg7 36. Qc4 Rxg2 37. Rxg2 Qxf3+ 38. Rf2 Ne3+ 39. Ke1 Rg1+ 0-1

[Event "Moscow Open A 2016"]
[Site "Moscow RUS"]
[Date "2016.01.30"]
[Round "1.68"]
[White "Parvanyan, Ashot"]
[Black "Pavlidis, Anastasios"]
[Result "1/2-1/2"]
[BlackTitle "IM"]
[WhiteElo "2197"]
[BlackElo "2410"]
[WhiteFideId "13307550"]
[BlackFideId "4208404"]
[EventDate "2016.01.30"]

1. d4 Nf6 2. c4 g6 3. Nf3 Bg7 4. e3 O-O 5. Be2 c5 6. d5 d6 7. Nc3 Na6 8. O-O Nc7
9. e4 Rb8 10. h3 Bd7 11. a4 b6 12. Rb1 Nfe8 13. Bd2 a6 14. b4 cxb4 15. Rxb4 a5
16. Rb1 Na6 17. Be3 f5 18. Bd4 Nb4 19. Qd2 fxe4 20. Ng5 Nf6 21. Ngxe4 Nxe4 22.
Nxe4 Bxd4 23. Qxd4 Bxa4 24. Bg4 Bd7 25. Ng5 Bxg4 26. Qxg4 Qc8 27. Qh4 h5 28. Qe4
Rf5 29. Qxe7 Rb7 30. Qe3 Re5 31. Qg3 Qf8 32. Rbe1 Rf5 33. f4 Re7 34. Re6 Rxe6
35. Nxe6 Qf7 36. Qe3 b5 37. Re1 Qe7 1/2-1/2

[Event "Moscow Open A 2016"]
[Site "Moscow RUS"]
[Date "2016.01.30"]
[Round "1.69"]
[White "Martinez Ramirez, Lennis"]
[Black "Fraiman, Dmitry"]
[Result "1-0"]
[WhiteTitle "FM"]
[WhiteElo "2410"]
[BlackElo "2193"]
[WhiteFideId "3509079"]
[BlackFideId "34100641"]
[EventDate "2016.01.30"]

1. e4 c5 2. Nf3 d6 3. d4 cxd4 4. Nxd4 Nf6 5. Nc3 a6 6. Bc4 e6 7. O-O b5 8. Bb3
Be7 9. Qf3 Qb6 10. Be3 Qb7 11. Qg3 O-O 12. Bh6 Ne8 13. Rfe1 Bd7 14. Nf5 Bf6 15.
e5 dxe5 16. Ne4 Qxe4 17. Rxe4 exf5 18. Ree1 f4 19. Bxf4 exf4 20. Qxf4 Bc6 21.
Rad1 Nd7 22. c3 Nc5 23. Bc2 Ne6 24. Qg4 Kh8 25. Rxe6 fxe6 26. Qh5 h6 27. Qc5 Nd6
28. Qxc6 Nf7 29. Qe4 Ng5 30. Qg6 Rfd8 31. Rxd8+ Rxd8 32. h4 1-0

[Event "Moscow Open A 2016"]
[Site "Moscow RUS"]
[Date "2016.01.30"]
[Round "1.70"]
[White "Allajov, Ramil"]
[Black "Litvinov, Maxim"]
[Result "0-1"]
[WhiteElo "2186"]
[BlackElo "2408"]
[WhiteFideId "13402447"]
[BlackFideId "24157449"]
[EventDate "2016.01.30"]

1. d4 Nf6 2. c4 e6 3. Nc3 Bb4 4. e3 O-O 5. Bd3 Bxc3+ 6. bxc3 d6 7. Ne2 e5 8. e4
Re8 9. Ng3 Nc6 10. d5 Ne7 11. O-O Ng6 12. f3 Nf4 13. Bc2 b6 14. Nf5 Nd7 15. g3
Ng6 16. Ba4 Rf8 17. f4 Nc5 18. Bc2 Re8 19. Qh5 exf4 20. Bxf4 Nxf4 21. Rxf4 Bxf5
22. Qxf5 Qd7 23. Qxd7 Nxd7 24. Ba4 Rad8 25. Kf2 Re5 26. Bxd7 Rxd7 27. Ke3 Rde7
28. Kd3 g5 29. Rf5 Rxf5 30. exf5 g4 31. h3 gxh3 32. Rh1 Re5 33. g4 h5 34. gxh5
Rxf5 35. Rxh3 Kh7 36. h6 Re5 37. Rf3 f5 38. Rh3 Re7 39. a3 Kg6 40. a4 a5 41. c5
dxc5 42. Kc4 Rh7 43. Kb5 f4 44. Kc6 Kg5 45. c4 Kg4 46. Rh1 f3 47. Rg1+ Kf5 48.
Rh1 Ke4 49. d6 cxd6 50. Kxb6 f2 51. Kxa5 Kd3 52. Kb5 Rxh6 53. Rxh6 f1=Q 54.
Rxd6+ Kc3 55. Kxc5 Qxc4+ 56. Kb6 Kb4 57. Rc6 Qd4+ 58. Kc7 Kxa4 59. Rd6 Qf4 60.
Kd7 Kb5 61. Ke6 Kc5 62. Rd5+ Kc6 63. Re5 Qf8 64. Rf5 Qd6+ 65. Kf7 Kd7 66. Rf1
Qe6+ 67. Kf8 Qe7+ 68. Kg8 Ke8 69. Kh8 Qe2 70. Rf5 Qe6 71. Ra5 Kf7 72. Ra7+ Kf6
73. Kh7 Qh3+ 74. Kg8 Qg3+ 0-1

[Event "Moscow Open A 2016"]
[Site "Moscow RUS"]
[Date "2016.01.30"]
[Round "1.71"]
[White "Korchmar, Vasiliy"]
[Black "Salman, Pavel"]
[Result "1-0"]
[WhiteTitle "IM"]
[BlackTitle "FM"]
[WhiteElo "2405"]
[BlackElo "2185"]
[WhiteFideId "24131750"]
[BlackFideId "24153753"]
[EventDate "2016.01.30"]

1. d4 Nf6 2. c4 e6 3. g3 Be7 4. Bg2 d5 5. Nf3 O-O 6. O-O dxc4 7. Ne5 Nc6 8. Bxc6
bxc6 9. Nxc6 Qe8 10. Nxe7+ Qxe7 11. Qc2 e5 12. dxe5 Qxe5 13. Bf4 Qc5 14. Be3 Qc6
15. f3 Bh3 16. Rc1 Rfe8 17. Bf2 Nd5 18. e4 Qf6 19. Nd2 Nb4 20. Qc3 Qxc3 21. Rxc3
Red8 22. Be3 Rd3 23. Nxc4 Rxc3 24. bxc3 Nc2 25. Rc1 Be6 26. Rxc2 Bxc4 27. Rb2 h6
28. a3 a5 29. Rb7 c6 30. Kf2 Bb5 31. Bb6 a4 32. Bc7 Re8 33. Ke3 Re7 34. Rb8+ Kh7
35. Bd6 Rd7 36. e5 Kg6 37. f4 Kf5 38. Kd4 Bf1 39. Rb2 Kg4 40. Kc5 g5 41. f5 Bd3
42. e6 fxe6 43. fxe6 Rd8 44. e7 Re8 45. Rf2 Bg6 46. Rf8 1-0

[Event "Moscow Open A 2016"]
[Site "Moscow RUS"]
[Date "2016.01.30"]
[Round "1.72"]
[White "Taalaibekov, Tagir"]
[Black "Oganian, Miran"]
[Result "0-1"]
[BlackTitle "IM"]
[WhiteElo "2181"]
[BlackElo "2405"]
[WhiteFideId "13801163"]
[BlackFideId "4122488"]
[EventDate "2016.01.30"]

1. d4 Nf6 2. Nf3 e6 3. g3 b5 4. Bg2 Bb7 5. O-O c5 6. c3 Be7 7. a4 b4 8. dxc5
Bxc5 9. cxb4 Bxb4 10. Bf4 O-O 11. Na3 Nc6 12. Ne5 d5 13. Qb3 Qe7 14. Nxc6 Bxc6
15. Rfc1 Rfc8 16. Nc2 Bc5 17. Be3 Rab8 18. Bxc5 Qxc5 19. Qd3 Bxa4 20. Rxa4 Rxb2
21. Bf3 Rxc2 22. Rxc2 Qxc2 23. Qxc2 Rxc2 24. Rxa7 g5 25. h3 h5 26. e3 g4 27.
hxg4 hxg4 28. Bg2 Rc1+ 29. Bf1 Ne4 30. Ra2 Ng5 31. Kg2 Nf3 32. Ra4 f5 33. Ra7
Kf8 34. Rb7 Rd1 35. Rc7 Ke8 36. Rg7 Kd8 37. Rh7 Ng5 38. Ra7 Rd2 39. Bb5 Ne4 40.
Rd7+ Kc8 41. Rf7 Rxf2+ 42. Kg1 Rf3 43. Bd7+ Kd8 44. Bxe6 Ng5 45. Bxd5 Nxf7 46.
Bxf3 gxf3 0-1

[Event "Moscow Open A 2016"]
[Site "Moscow RUS"]
[Date "2016.01.30"]
[Round "1.73"]
[White "Savitskiy, Sergey"]
[Black "Royset, Pal"]
[Result "1-0"]
[WhiteTitle "FM"]
[WhiteElo "2405"]
[BlackElo "2179"]
[WhiteFideId "24105660"]
[BlackFideId "1501330"]
[EventDate "2016.01.30"]

1. e4 e5 2. Nf3 Nc6 3. Bc4 Be7 4. O-O Nf6 5. d3 O-O 6. Re1 d6 7. c3 Na5 8. Bb5
a6 9. Ba4 b5 10. Bc2 c5 11. Nbd2 Bb7 12. Nf1 Re8 13. Ng3 Bf8 14. Nf5 Qc7 15.
N3h4 d5 16. Qf3 Rad8 17. Qg3 Nh5 18. Qg4 Nf4 19. Bxf4 exf4 20. e5 g6 21. d4 cxd4
22. e6 dxc3 23. e7 Bxe7 24. Nh6+ Kf8 25. Bxg6 Bf6 26. Bxh7 Bg7 27. N6f5 f6 28.
Ng6+ Kf7 29. Nge7 Rg8 30. Qg6+ Kf8 31. Bxg8 1-0

[Event "Moscow Open A 2016"]
[Site "Moscow RUS"]
[Date "2016.01.30"]
[Round "1.74"]
[White "Klimentov, Evgeny"]
[Black "Naumkin, Igor"]
[Result "0-1"]
[BlackTitle "GM"]
[WhiteElo "2170"]
[BlackElo "2403"]
[WhiteFideId "24128899"]
[BlackFideId "4101715"]
[EventDate "2016.01.30"]

1. e4 e6 2. d4 d5 3. Nd2 a6 4. Bd3 c5 5. dxc5 Bxc5 6. Ngf3 Nc6 7. O-O Nf6 8.
exd5 exd5 9. c3 O-O 10. Nb3 Bb6 11. h3 Qd6 12. Re1 Bxh3 13. gxh3 Qg3+ 14. Kh1
Qxh3+ 15. Nh2 Bxf2 16. Qf3 Qxf3+ 17. Nxf3 Bxe1 18. Nxe1 Ne4 19. Kg2 Ne5 20. Bc2
f5 21. Nd4 Rf6 22. Bf4 Nc4 23. b3 Ncd6 24. Be5 Rg6+ 25. Kh2 Re8 26. Nef3 Nf7 27.
Bf4 Rg4 28. Be3 f4 29. Bg1 Ne5 30. Ne1 Rg3 31. Bxe4 dxe4 32. Rc1 0-1

[Event "Moscow Open A 2016"]
[Site "Moscow RUS"]
[Date "2016.01.30"]
[Round "1.75"]
[White "Kopylov, Alexander A."]
[Black "Kaasen, Tor Fredrik"]
[Result "1-0"]
[WhiteTitle "IM"]
[WhiteElo "2401"]
[BlackElo "2168"]
[WhiteFideId "4164857"]
[BlackFideId "1516647"]
[EventDate "2016.01.30"]

1. d4 Nf6 2. g3 g6 3. Bg2 Bg7 4. e4 d6 5. Nc3 O-O 6. Nge2 Nbd7 7. O-O Rb8 8. a4
c5 9. h3 a6 10. Be3 b5 11. axb5 axb5 12. e5 Ne8 13. exd6 exd6 14. dxc5 Ne5 15.
cxd6 Bb7 16. Bc5 Qc8 17. Bb4 Bf3 18. Bxf3 Nxf3+ 19. Kg2 Nf6 20. Nf4 Ne5 21. Re1
g5 22. Nfd5 Re8 23. Ne7+ Rxe7 24. dxe7 g4 25. Rxe5 gxh3+ 26. Kg1 h2+ 27. Kg2
Qc6+ 28. f3 h1=Q+ 29. Kxh1 Re8 30. Kg2 Ng4 31. Re1 1-0

[Event "Moscow Open A 2016"]
[Site "Moscow RUS"]
[Date "2016.01.30"]
[Round "1.76"]
[White "Kurilo, Vladislav"]
[Black "Vorontsov, Pavlo"]
[Result "0-1"]
[BlackTitle "IM"]
[WhiteElo "2160"]
[BlackElo "2395"]
[WhiteFideId "14136503"]
[BlackFideId "14116367"]
[EventDate "2016.01.30"]

1. e4 c5 2. Nf3 d6 3. d4 cxd4 4. Nxd4 Nf6 5. Nc3 a6 6. f4 e5 7. Nf3 Qc7 8. Bd3
Nbd7 9. O-O Be7 10. Kh1 Nc5 11. Qe1 b5 12. fxe5 dxe5 13. Qg3 O-O 14. Bg5 Be6 15.
Bxf6 Bxf6 16. Nd4 Kh8 17. Rxf6 gxf6 18. Qh4 Rg8 19. Nd5 Qb7 20. Nxf6 Rg7 21. Nh5
Rg6 22. Nf6 h6 23. Nxe6 fxe6 24. Ng4 Qg7 25. h3 Rf8 26. b4 Nd7 27. a4 Nf6 28.
Ne3 Qa7 29. Qf2 Qd4 0-1

[Event "Moscow Open A 2016"]
[Site "Moscow RUS"]
[Date "2016.01.30"]
[Round "1.77"]
[White "Petrosian, Davit G."]
[Black "Kovtunenko, Alexandr"]
[Result "1/2-1/2"]
[WhiteTitle "GM"]
[WhiteElo "2394"]
[BlackElo "2158"]
[WhiteFideId "13301349"]
[BlackFideId "4144597"]
[EventDate "2016.01.30"]

1. e4 e6 2. d4 d5 3. Nc3 Bb4 4. e5 c5 5. dxc5 Ne7 6. Bd3 Nd7 7. Nf3 Nxc5 8. O-O
Bxc3 9. bxc3 Bd7 10. Nd4 O-O 11. Bg5 Qe8 12. Re1 h6 13. Bd2 Ng6 14. Qh5 f5 15.
exf6 Rxf6 16. Re3 Qf7 17. Rf3 Nxd3 18. cxd3 e5 19. Rxf6 Qxf6 20. Nf3 Bb5 21. Re1
Bxd3 22. Nxe5 Nxe5 23. Qxe5 Qxe5 24. Rxe5 Bc4 25. a3 Kf7 26. f3 Re8 27. Rxe8
Kxe8 28. Kf2 Kd7 29. Be3 a6 30. h4 h5 31. g4 g6 32. Bd4 Ke6 33. Ke3 Bb3 34. Kf4
Bd1 35. Kg3 Be2 36. Kf4 Bd1 37. Kg3 Be2 38. Kf4 Bd1 39. Kg3 Be2 40. Kf4 1/2-1/2

[Event "Moscow Open A 2016"]
[Site "Moscow RUS"]
[Date "2016.01.30"]
[Round "1.78"]
[White "Tran, Minh Thang"]
[Black "Khanin, Semen"]
[Result "1-0"]
[WhiteTitle "FM"]
[BlackTitle "IM"]
[WhiteElo "2156"]
[BlackElo "2393"]
[WhiteFideId "12401080"]
[BlackFideId "4111990"]
[EventDate "2016.01.30"]

1. d4 Nf6 2. c4 e6 3. Nf3 b6 4. g3 Ba6 5. Qc2 Bb4+ 6. Bd2 Be7 7. e4 d5 8. cxd5
Bxf1 9. Kxf1 exd5 10. e5 Ne4 11. Nc3 Nxc3 12. bxc3 O-O 13. Kg2 c5 14. h4 Nd7 15.
Qb3 c4 16. Qb5 Nb8 17. Ng5 Bxg5 18. hxg5 g6 19. Qb1 Qc8 20. f3 h5 21. gxh6 Kh7
22. Qc2 Qe6 23. Bg5 Nd7 24. Rae1 b5 25. f4 Rfe8 26. Kf3 Qb6 27. f5 Rg8 28. Bf6
b4 29. Rb1 a5 30. Bg7 Rab8 31. Rb2 b3 32. Qb1 a4 33. a3 gxf5 34. g4 1-0

[Event "Moscow Open A 2016"]
[Site "Moscow RUS"]
[Date "2016.01.30"]
[Round "1.79"]
[White "Bublei, Pavel"]
[Black "Tleptsok, Ruslan"]
[Result "1-0"]
[WhiteTitle "FM"]
[WhiteElo "2391"]
[BlackElo "2156"]
[WhiteFideId "24112593"]
[BlackFideId "24104485"]
[EventDate "2016.01.30"]

1. d4 Nf6 2. c4 c6 3. Nc3 d5 4. e3 e6 5. Nf3 Nbd7 6. Qc2 Bd6 7. Bd3 O-O 8. O-O
dxc4 9. Bxc4 e5 10. h3 Qe7 11. Bb3 Re8 12. Ng5 Rf8 13. Rd1 h6 14. Nge4 Nxe4 15.
Nxe4 Bb8 16. d5 cxd5 17. Bxd5 Nb6 18. Nc3 Qg5 19. e4 Qg6 20. Rd3 Nxd5 21. Nxd5
Bd6 22. Bd2 Kh8 23. Rg3 Qh7 24. Bc3 f5 25. f4 fxe4 26. fxe5 Bc5+ 27. Kh1 Rf2 28.
Qa4 Be6 29. Nc7 Qf5 30. Qb5 e3 31. Qxc5 e2 32. Kh2 Rc8 33. Qe7 Qf7 34. Qxf7 Bxf7
35. e6 Rxc7 36. exf7 Rcxf7 37. Re1 Re7 38. Rf3 1-0

[Event "Moscow Open A 2016"]
[Site "Moscow RUS"]
[Date "2016.01.30"]
[Round "1.80"]
[White "Sizintsev, Alexey"]
[Black "Vakhlamov, Igor L."]
[Result "0-1"]
[BlackTitle "FM"]
[WhiteElo "2150"]
[BlackElo "2390"]
[WhiteFideId "24190985"]
[BlackFideId "24126748"]
[EventDate "2016.01.30"]

1. e4 c5 2. c3 d6 3. d4 Nf6 4. Bd3 g6 5. h3 Bg7 6. Nf3 O-O 7. O-O Qc7 8. Be3
Nbd7 9. Nbd2 a6 10. a4 b6 11. b4 Bb7 12. bxc5 bxc5 13. Rb1 Rfb8 14. Qc2 cxd4 15.
cxd4 Qxc2 16. Bxc2 a5 17. Bd3 Bc6 18. Bb5 Bxb5 19. Rxb5 Rxb5 20. axb5 Rb8 21.
Rb1 d5 22. e5 Ne8 23. Nf1 Nc7 24. Bd2 a4 25. Rb4 Nb6 26. Ne3 e6 27. Rb1 Nd7 28.
Rb4 a3 29. Ra4 Bf8 30. Ra7 Nxb5 31. Rxd7 a2 32. Nc2 Na3 33. Ra7 Rb2 34. Ra8 Nxc2 0-1

[Event "Moscow Open A 2016"]
[Site "Moscow RUS"]
[Date "2016.01.30"]
[Round "1.81"]
[White "Agmanov, Zhandos"]
[Black "Loginov, Anton"]
[Result "1-0"]
[WhiteElo "2389"]
[BlackElo "2149"]
[WhiteFideId "13708309"]
[BlackFideId "4125134"]
[EventDate "2016.01.30"]

1. e4 c5 2. Nf3 d6 3. Bb5+ Nd7 4. O-O a6 5. Bd3 Ne5 6. Nxe5 dxe5 7. a4 Nf6 8.
Nc3 b6 9. Bc4 Bb7 10. d3 e6 11. Qf3 Bd6 12. Qh3 Qc7 13. Bg5 Nd7 14. Bxe6 fxe6
15. Qxe6+ Kf8 16. f4 exf4 17. Rxf4+ Bxf4 18. Be7+ Ke8 19. Bf6+ 1-0

[Event "Moscow Open A 2016"]
[Site "Moscow RUS"]
[Date "2016.01.30"]
[Round "1.82"]
[White "Makoveev, Ilya"]
[Black "Demianjuk, Alexander"]
[Result "1/2-1/2"]
[WhiteElo "2148"]
[BlackElo "2388"]
[WhiteFideId "34155748"]
[BlackFideId "4134249"]
[EventDate "2016.01.30"]

1. d4 Nf6 2. Nf3 g6 3. Bf4 Bg7 4. e3 O-O 5. Nbd2 c5 6. c3 d6 7. Be2 Nc6 8. O-O
cxd4 9. exd4 e5 10. dxe5 dxe5 11. Nxe5 Nd5 12. Nxc6 bxc6 13. Bg3 Bxc3 14. Nc4
Bg7 15. Be5 Bxe5 16. Nxe5 Qf6 17. Nc4 Re8 18. Re1 Ba6 19. Ne3 Nxe3 20. fxe3 Rad8
21. Qc2 Bxe2 22. Rxe2 Re6 23. Rd1 Rd5 24. Rxd5 cxd5 25. Qd3 Qe5 26. Rd2 h5 27.
Qb3 Rd6 28. Qb8+ Kg7 29. Qxa7 d4 30. Rf2 Qe6 31. exd4 Rc6 32. h3 Rc1+ 33. Kh2
Qd6+ 34. g3 Qd5 35. Rg2 Qf3 36. d5 Qxd5 37. Qe3 Rd1 38. Qb3 Qd7 39. Rf2 h4 40.
Qf3 hxg3+ 41. Qxg3 Qd5 42. Qf3 Qe5+ 43. Qf4 Qe6 44. Rd2 Re1 45. Qd4+ Kg8 46.
Qd8+ Kg7 47. Qd4+ Kg8 1/2-1/2

[Event "Moscow Open A 2016"]
[Site "Moscow RUS"]
[Date "2016.01.30"]
[Round "1.83"]
[White "Kazakovskiy, Valeriy"]
[Black "Trubchaninov, Timur"]
[Result "1/2-1/2"]
[WhiteTitle "IM"]
[WhiteElo "2387"]
[BlackElo "2144"]
[WhiteFideId "13507443"]
[BlackFideId "24176931"]
[EventDate "2016.01.30"]

1. d4 Nf6 2. Nf3 g6 3. c4 Bg7 4. Nc3 O-O 5. g3 d6 6. Bg2 Nc6 7. O-O a6 8. Qd3
Nb4 9. Qb1 c5 10. d5 a5 11. e4 e5 12. a3 Na6 13. Ne1 Nc7 14. b3 Nh5 15. Nd3 f5
16. f3 Bd7 17. Bd2 f4 18. g4 Nf6 19. b4 b6 20. bxc5 bxc5 21. Qc2 Qc8 22. Na4 Qa6
23. h3 g5 24. Rab1 Rab8 25. Rxb8 Rxb8 26. Ndb2 Na8 27. Rc1 Nb6 28. Bf1 Ne8 29.
Bd3 Nc7 30. Nxb6 Rxb6 31. Na4 Rb7 32. Nc3 Bf6 33. Kg2 Qa8 34. Rb1 Bd8 35. Nb5
Nxb5 36. cxb5 Bb6 37. Bc4 Be8 38. Rh1 h6 39. a4 Qd8 40. h4 Rh7 41. Be1 Bg6 42.
Kf1 Qf6 43. Qg2 Rf7 44. Bc3 Qg7 45. Qd2 Ra7 46. hxg5 hxg5 47. Rh3 Ra8 48. Qh2
Re8 49. Rh6 Re7 50. Rh3 Re8 51. Qh1 1/2-1/2

[Event "Moscow Open A 2016"]
[Site "Moscow RUS"]
[Date "2016.01.30"]
[Round "1.84"]
[White "Karayev, Kanan"]
[Black "Yandemirov, Valeri"]
[Result "1/2-1/2"]
[WhiteTitle "CM"]
[BlackTitle "GM"]
[WhiteElo "2140"]
[BlackElo "2386"]
[WhiteFideId "13406671"]
[BlackFideId "4102622"]
[EventDate "2016.01.30"]

1. e4 e5 2. Nf3 Nc6 3. Bc4 Nf6 4. d3 Be7 5. O-O O-O 6. Nc3 d6 7. a4 h6 8. Re1
Nh7 9. Nd5 Be6 10. c3 Bf6 11. h3 Ne7 12. d4 Ng6 13. dxe5 dxe5 14. Ne3 Bxc4 15.
Qxd8 Rfxd8 16. Nxc4 Nhf8 17. Be3 Ne6 18. a5 b5 19. axb6 axb6 20. g3 Bg5 21. Rxa8
Rxa8 22. Ncxe5 Nxe5 23. Nxe5 Bxe3 24. Rxe3 Ra2 25. b4 c5 26. Nc4 b5 27. Nd6 cxb4
28. cxb4 Rb2 29. Nxb5 Rxb4 30. Nd6 Rd4 31. e5 f6 32. Nf5 Rd1+ 33. Kg2 fxe5 34.
Rxe5 Kf7 35. Ra5 Rd7 36. h4 Nd4 37. Nxd4 Rxd4 38. h5 Rb4 39. Rf5+ Kg8 40. Re5
Kf7 41. Re3 Ra4 42. f4 Ra5 43. g4 Ra1 44. Kf3 Rf1+ 45. Ke4 Kf6 46. Rc3 Re1+ 47.
Kf3 Rf1+ 48. Kg3 Rg1+ 49. Kh4 Rh1+ 50. Kg3 Rg1+ 51. Kf3 Rf1+ 1/2-1/2

[Event "Moscow Open A 2016"]
[Site "Moscow RUS"]
[Date "2016.01.30"]
[Round "1.85"]
[White "Zherebtsova, Alexandra"]
[Black "Babarykin, Stanislav"]
[Result "1/2-1/2"]
[WhiteTitle "WFM"]
[BlackTitle "FM"]
[WhiteElo "2130"]
[BlackElo "2384"]
[WhiteFideId "24129518"]
[BlackFideId "4101898"]
[EventDate "2016.01.30"]

1. d4 d5 2. Nf3 Nf6 3. c4 e6 4. Nc3 c6 5. e3 Nbd7 6. Qc2 Bd6 7. Be2 O-O 8. O-O
dxc4 9. Bxc4 b5 10. Bd3 Bb7 11. a3 a5 12. Bd2 Qc8 13. e4 e5 14. dxe5 Nxe5 15.
Nxe5 Bxe5 16. Rad1 b4 17. axb4 axb4 18. Ne2 c5 19. b3 Re8 20. f3 Qc7 21. g3 h5
22. Be3 h4 23. Bf2 Nh5 24. Kg2 Qe7 25. Bc4 Bd6 26. Rd2 Nf6 27. Kg1 Red8 28. Rfd1
hxg3 29. Nxg3 Bxg3 30. Bxg3 Nh5 31. Rxd8+ Rxd8 32. Rxd8+ Qxd8 33. Bf2 Qf6 34.
Be2 Nf4 35. Bf1 Qg5+ 36. Bg3 Nh5 37. Kf2 Nxg3 38. hxg3 Qe5 39. Qd2 g5 40. Bc4
Bc6 41. Qd8+ Kg7 42. Qc8 Qd4+ 43. Kg2 Bd7 44. Qd8 Qb2+ 45. Kg1 Qb1+ 46. Kg2 Qb2+
47. Kg1 1/2-1/2